000 005040000a22001930004500
001 000261
003 MACL
005 20150707111714.0
008 150707b xxu||||| |||| 00| 0 eng d
040 _aMACL
_cMACL
041 _aEnglish
082 _a306.72/SAU
100 _aSau, Sachinandan
_9525
245 _aRural Development Theories and Experiences
_cSachinandan Sau
260 _aDelhi
_c1999
_bAllied Publiations Limited,
350 _a300
650 _aSocial Sciences
_9383
942 _k307
_cBK
_2ddc
999 _c263
_d263